000 00367nam a2200145Ia 4500
008 230917s9999||||xx |||||||||||||| ||und||
040 _e40995
_aMAIN
041 _aEnglish
082 _a813.09 N143I
100 _aNaik, M K, ed.
245 0 _aIndian studies in American fiction
260 _aDharawar
_bKarnatak University
_c1974
300 _a329 p.
942 _cBK
999 _c136178
_d136178